[Event "BRA-ch U26 (Women)"]
[Site "Joinville"]
[Date "2023.10.11"]
[Round "4"]
[White "Da Silva, Raissa Priscila Cri"]
[Black "Dos Santos, Jennifer Grazielly"]
[Result "1-0"]
[WhiteElo "1327"]
[BlackElo "1746"]
[PlyCount "87"]
[EventDate "2023.10.09"]
[EventType "swiss"]
[EventRounds "6"]
[EventCountry "BRA"]
[SourceTitle "Mega2024 Update 01"]
[Source "Chessbase"]
[SourceDate "2023.11.12"]
[SourceVersion "1"]
[SourceVersionDate "2023.11.12"]
[SourceQuality "1"]

1. e4 e6 2. d4 d5 3. Nc3 c5 4. exd5 exd5 5. Nf3 Nf6 6. Bd3 Nc6 7. 0-0 cxd4 8. Re1+ Be7 9. Nb5 0-0 10. Nfxd4 Nxd4 11. Nxd4 Be6 12. Nxe6 fxe6 13. Rxe6 Qd7 14. Re1 Bc5 15. Be3 Bd6 16. Qd2 Ng4 17. g3 b6 18. c4 Nxe3 19. Qxe3 Bc5 20. Qe6+ Qxe6 21. Rxe6 Rxf2 22. Kh1 Rd2 23. Bf1 Rf8 24. cxd5 Rff2 25. Re2 Rfxe2 26. Bxe2 Rxe2 27. Rd1 Bd6 28. Rc1 Rd2 29. Rc8+ Kf7 30. Rd8 Rxd5 31. Rd7+ Ke6 32. Rxa7 Be5 33. b3 h6 34. Kg2 g5 35. Kf3 Rd2 36. h3 Rd3+ 37. Ke4 Rd4+ 38. Ke3 Kd5 39. Rd7+ Bd6 40. Rxd6+ Kxd6 41. Kxd4 Kc6 42. a4 b5 43. axb5+ Kxb5 44. Ke5 1-0

[Event "Santa Cruz Regional Norte zt"]
[Site "Santa Cruz"]
[Date "2017.05.05"]
[Round "2"]
[White "Da Silva, Raissa Priscila Cri"]
[Black "Borges, Bruna da Silva"]
[Result "1-0"]
[WhiteElo "1198"]
[BlackElo "1509"]
[PlyCount "61"]
[EventDate "2017.05.05"]
[EventType "swiss"]
[EventRounds "6"]
[EventCountry "BRA"]
[SourceTitle "EXT 2018"]
[Source "ChessBase"]
[SourceDate "2017.10.13"]
[SourceVersion "1"]
[SourceVersionDate "2017.10.13"]
[SourceQuality "1"]

1. g3 d5 2. Bg2 Nf6 3. Nf3 Nc6 4. 0-0 e5 5. d3 e4 6. dxe4 Nxe4 7. Nbd2 Bf5 8. Nh4 Nxd2 9. Qxd2 Be6 10. Rd1 d4 11. Bxc6+ bxc6 12. Qxd4 Qxd4 13. Rxd4 Bd6 14. Bf4 c5 15. Rd3 Rd8 16. Ra3 Rb8 17. Rxa7 0-0 18. b3 f6 19. Bxd6 cxd6 20. Rd1 Rfd8 21. Ra6 c4 22. Rdxd6 Rxd6 23. Rxd6 Re8 24. Ng2 Bf5 25. Ne3 cxb3 26. cxb3 Be6 27. Kf1 Bf7 28. Nd5 Re5 29. Rd8+ Re8 30. Rxe8+ Bxe8 31. Ke1 1-0

[Event "Santa Cruz Regional Norte zt"]
[Site "Santa Cruz"]
[Date "2017.05.05"]
[Round "1"]
[White "Frankental, David"]
[Black "Da Silva, Raissa Priscila Cri"]
[Result "1-0"]
[WhiteElo "1841"]
[BlackElo "1198"]
[PlyCount "95"]
[EventDate "2017.05.05"]
[EventType "swiss"]
[EventRounds "6"]
[EventCountry "BRA"]
[SourceTitle "EXT 2018"]
[Source "ChessBase"]
[SourceDate "2017.10.13"]
[SourceVersion "1"]
[SourceVersionDate "2017.10.13"]
[SourceQuality "1"]

1. g3 g6 2. Bg2 Bg7 3. d4 d5 4. Nf3 Nf6 5. c4 c6 6. Nc3 0-0 7. 0-0 Re8 8. b3 Nbd7 9. cxd5 cxd5 10. Bb2 e5 11. dxe5 Nxe5 12. Nxe5 Rxe5 13. Nxd5 Rxd5 14. Bxd5 Nxd5 15. Bxg7 Kxg7 16. Qd4+ Kg8 17. Rfd1 Be6 18. e4 Qf6 19. exd5 Qxd4 20. Rxd4 Rd8 21. Rc1 Rxd5 22. Rxd5 Bxd5 23. f4 Kg7 24. Kf2 Kf6 25. Ke3 Kf5 26. h3 h5 27. Rc5 Ke6 28. g4 hxg4 29. hxg4 b6 30. Rc7 a6 31. Ra7 a5 32. Ra6 Kd6 33. Rxb6+ Kc5 34. Rb8 f6 35. f5 gxf5 36. gxf5 Kd6 37. Kd4 Bc6 38. Rb6 Kd7 39. Kc5 a4 40. Rxc6 axb3 41. axb3 Ke7 42. Rc7+ Kf8 43. Kd6 Ke8 44. Ra7 Kf8 45. Ke6 Kg8 46. Kxf6 Kh8 47. Kg6 Kg8 48. Ra8# 1-0

[Event "Potiguar-ch (Women)"]
[Site "Natal"]
[Date "2017.01.22"]
[Round "9.1"]
[White "Da Silva, Raissa Priscila Cri"]
[Black "Arboes, Ana Gertrudes Danta"]
[Result "1-0"]
[WhiteElo "1192"]
[BlackElo "1374"]
[PlyCount "51"]
[EventDate "2017.01.13"]
[EventType "tourn"]
[EventRounds "9"]
[EventCountry "BRA"]
[SourceTitle "EXT 2022"]
[Source "ChessBase"]
[SourceDate "2021.10.06"]
[SourceVersion "1"]
[SourceVersionDate "2021.10.06"]
[SourceQuality "1"]

1. g3 d5 2. Bg2 e5 3. d3 Nf6 4. Nf3 Nbd7 5. 0-0 Bd6 6. Re1 0-0 7. e4 d4 8. c3 c5 9. Nh4 b5 10. Nf5 Nb6 11. Nxd6 Qxd6 12. f4 Bg4 13. fxe5 Qxe5 14. Qb3 a6 15. Bf4 Qe6 16. Qxe6 fxe6 17. e5 Nfd5 18. Nd2 Rad8 19. cxd4 cxd4 20. Re4 Nb4 21. Bg5 Rd5 22. Rxg4 Nxd3 23. Nb3 Rf2 24. Nxd4 Rxb2 25. Nxe6 Nf2 26. Rf4 1-0

[Event "Potiguar-ch (Women)"]
[Site "Natal"]
[Date "2017.01.13"]
[Round "2"]
[White "Da Silva, Karina Ingryd Olive"]
[Black "Da Silva, Raissa Priscila Cri"]
[Result "1-0"]
[WhiteElo "1439"]
[BlackElo "1192"]
[PlyCount "57"]
[EventDate "2017.01.13"]
[EventType "tourn"]
[EventRounds "9"]
[EventCountry "BRA"]
[SourceTitle "CBM 176 Extra"]
[Source "ChessBase"]
[SourceDate "2017.03.02"]
[SourceVersion "1"]
[SourceVersionDate "2017.03.02"]
[SourceQuality "1"]

1. e4 g6 2. d4 Bg7 3. Nf3 d6 4. Nc3 Nf6 5. Be2 0-0 6. 0-0 e5 7. Bg5 h6 8. Bh4 Qe8 9. Bxf6 Bxf6 10. Nd5 Bg7 11. Nxc7 Qc6 12. Nxa8 Qxe4 13. dxe5 dxe5 14. Re1 Qc6 15. Bd3 Nd7 16. a4 Re8 17. Bb5 Qe6 18. Nc7 Qe7 19. Nxe8 Qxe8 20. Bxd7 Bxd7 21. Qd5 Bc6 22. Qb3 e4 23. Nd2 Qe5 24. Nc4 Qf5 25. Rad1 Qg4 26. Na5 Be8 27. Rd8 Kh7 28. Rxe8 f5 29. Qg8# 1-0

[Event "Santa Cruz Potiguar-ch"]
[Site "Santa Cruz"]
[Date "2016.12.18"]
[Round "4"]
[White "Da Silva, Raissa Priscila Cri"]
[Black "Vital, Pablo Manoel Santan"]
[Result "0-1"]
[WhiteElo "1751"]
[BlackElo "1581"]
[PlyCount "66"]
[EventDate "2016.12.17"]
[EventType "swiss"]
[EventRounds "5"]
[EventCountry "BRA"]
[SourceTitle "CBM 176 Extra"]
[Source "ChessBase"]
[SourceDate "2017.03.02"]
[SourceVersion "1"]
[SourceVersionDate "2017.03.02"]
[SourceQuality "1"]

1. e4 e6 2. d4 d5 3. e5 c5 4. c3 Nc6 5. Bb5 Qb6 6. Bxc6+ bxc6 7. b3 cxd4 8. cxd4 Bb4+ 9. Bd2 Qxd4 10. Qc2 Bxd2+ 11. Qxd2 Qxa1 12. Qc2 Qxe5+ 13. Ne2 Ne7 14. 0-0 0-0 15. Re1 Ba6 16. Nd2 Bxe2 17. Nf3 Qd6 18. Rxe2 Rac8 19. Ng5 Ng6 20. Qc3 Qf4 21. Nf3 c5 22. g3 Qf6 23. Ne5 Nxe5 24. Rxe5 d4 25. Qxc5 Rxc5 26. Rxc5 d3 27. Rc1 d2 28. Rd1 Rd8 29. a4 Qf3 30. b4 Qxd1+ 31. Kg2 Qe2 32. b5 d1Q 33. a5 Qef1# 0-1